Late Registration - Kanye West - Statistics

General Stats
  • This quiz has been taken 68 times
  • The average score is 16 of 21
Answer Stats
Songs Plays Artists % Correct
Gold Digger 1,415,804,203 Kanye West, Jamie Foxx
95%
Late 45,164,659 Kanye West
88%
Touch The Sky 461,468,840 Kanye West, Lupe Fiasco
88%
Heard 'Em Say 170,290,280 Kanye West, Adam Levine
86%
We Major 87,560,823 Kanye West, Nas, Really Doe
86%
Diamonds From Sierra Leone 51,544,305 Kanye West
83%
Drive Slow 111,767,467 Kanye West, Paul Wall, GLC
83%
Skit #1 21,425,707 Kanye West
83%
Skit #3 29,562 Kanye West
83%
Roses 93,584,080 Kanye West
81%
Skit #2 20,739,365 Kanye West
81%
Skit #4 11,935,318 Kanye West
81%
Hey Mama 124,587,410 Kanye West
76%
Crack Music 36,661,640 Kanye West, The Game
74%
Wake Up Mr. West 26,080,333 Kanye West
74%
Addiction 55,860,099 Kanye West
71%
Diamonds From Sierra Leone - Remix 90,786,667 Kanye West, JAY-Z
71%
Gone 57,965,186 Kanye West, Consequence, Cam'ron
71%
My Way Home 38,161,703 Kanye West, Common
60%
Celebration 32,864,262 Kanye West
57%
Bring Me Down 33,080,006 Kanye West
52%
No matching quizzes found
Score Distribution
Percent of People with Each Score
Percentile by Number Answered
Your Score History
You have not taken this quiz